Sports That Are The Most Popular Sport In A Country - Statistics

General Stats
  • This quiz has been taken 190 times
  • The average score is 7 of 11
Answer Stats
* Sport Countries where it's the most popular sport % Correct
153 Association Football Brazil,Belgium,Argentina
100%
12 Cricket India,Pakistan,Bangladesh
94%
3 Ice Hockey Canada,Finland,Latvia
89%
6 Rugby South Africa,New Zealand,Fiji
88%
10 Baseball Dominican Republic,Japan,Cuba
85%
1 American Football United States
83%
6 Basketball Philippines,Lithuania,Estonia
63%
1 Australian Football Australia
46%
1 Wrestling Mongolia
33%
1 Gaelic Football Ireland
32%
1 Archery Bhutan
25%
No matching quizzes found
Score Distribution
Percent of People with Each Score
Percentile by Number Answered
Your Score History
You have not taken this quiz